Datum a čas kvízu
19
Celkem bodů
Celkový počet nahraných bodů na tomto kvízu bez doplňovacích otázek.
11.
Pořadí na kvízu
Konečné umístění týmu na tomto kvízu.
Zaznamenané odpovědi
| # | Otázka | Odpověď | Body | Výsledky |
|---|---|---|---|---|
| 1. | Minulou neděli dopoledne dosed... | 0 | ||
| 2. | Její královská Výsost vévodkyn... | 0 | ||
| 3. | Ve zlínském obchodním a zábavn... | 0 | ||
| 4. | Bývalého hokejového brankáře,... | 1 | ||
| 5. | Němečtí fotbalisté Mesut Özil... | 1 | ||
| 6. | Dědictví aneb Kurvahošigutntag... | 1 | ||
| 7. | Bohuš: "Není to ___, ten Kája?... | 0 | ||
| 8. | Kterou značku cigaret má Bohuš... | 0 | ||
| 9. | "Však je to sladké jak ___ ___... | 1 | ||
| 10. | Pták, kterého Bohuš koupil Ire... | 1 |